Estado, gobierno y sociedad por una teoría general de la Política (Registro nro. 13703)

Detalles MARC
000 -CABECERA
Longitud fija campo de control 00655nam a2200193 a 4500
003 - • IDENTIFICADOR DELl NÚMERO DE CONTROL
Identificador del número de control CO-ViMGA
008 - • CÓDIGOS DE INFORMACIÓN DE LONGITUD FIJA
Códigos de información de longitud fija 141112s2004 ck r 000 u spa d
040 ## - FUENTE DE LA CATALOGACIÓN
Centro catalogador de origen CO-ViMGA
Lengua de catalogación spa
Centro transcriptor CO-ViMGA
082 04 - • NÚMERO DE LA CLASIFICACIÓN DECIMAL DEWEY
Número de clasificación (R) 320.1 B611
100 1# - • PUNTO DE ACCESO PRINCIPAL-NOMBRE DE PERSONA
Nombre de persona Bobbio, Norberto
245 10 - • TITULO PROPIAMENTE DICHO
Título Estado, gobierno y sociedad por una teoría general de la Política
300 ## - • DESCRIPCIÓN FÍSICA
Extensión 243 p
490 ## - • MENCIÓN DE SERIE
Mención de serie Braviarios, 487
505 ## - • NOTA DE CONTENIDO CON FORMATO
Nota de contenido con formato La gran dicotomía público - privado 9 - - La sociedad civil 39 - - Estado, poder y gobierno 68 - - Democracia y dictadura 188
650 14 - • PUNTO DE ACCESO ADICIONAL DE MATERIA - TÉRMINO DE MATERIA
Término de materia o nombre geográfico como elemento inicial ESTADO - TEORIA
942 ## - ENTRADA DE ELEMENTOS AGREGADOS (KOHA)
Fuente de clasificaión o esquema Dewey Decimal Classification
Koha [por defecto] tipo de item LIbro

No hay ítems disponibles.










Instituto Departamental de Cultura del Meta - Red Departamental de Bibliotecas Públicas del Meta.